000 00412nam a22001457a 4500
005 20241016114359.0
008 230908b |||||||| |||| 00| 0 eng d
082 _a539.752
_bBRA-E
245 _aEffects of Radiation on Materials:Proceedings of the tenth International Symposium
260 _aUSA
_bAmerican Society
_c1981
300 _a765
500 _aInclude Index
650 _aEngineering
999 _c33479
_d33479